[Event "Europa Clubs Cup (Frauen)"] 
[Site "Rethymnon (Kreta)"] 
[Date "2003.10.02"]
[Round "5.43"]
[White "Grabuzova, Tatiana"]
[Black "Petrenko, Svetlana"]
[Result "1-0"]
[WhiteElo "2362"]
[BlackElo "2346"]
[PlyCount "154"]
[EventDate "2003.09.30"]

1. b3 e5 2. Bb2 d6 3. e3 Nf6 4. c4 Be7 5. Nc3 O-O 6. Qc2 c6 7. Nf3 Na6 8. a3
Bg4 9. Be2 Qd7 10. b4 Nc7 11. O-O Rac8 12. d3 h6 13. Ne4 Nh7 14. c5 Bxf3 15.
Bxf3 d5 16. Ng3 Qe6 17. e4 g6 18. Rae1 d4 19. Bd1 b6 20. Qa4 bxc5 21. Bb3 Qd7
22. f4 exf4 23. Ne2 cxb4 24. Nxf4 bxa3 25. Bxd4 Nb5 26. Ba1 Bc5+ 27. Kh1 Bd4
28. Nxg6 Bxa1 29. Nxf8 Rxf8 30. Rxa1 Qxd3 31. Bc4 Qe3 32. Rf3 Qc5 33. Bxb5 cxb5
34. Qxa3 Rc8 35. Qxc5 Rxc5 36. h4 Rc7 37. Ra6 b4 38. Rb3 Rb7 39. Ra4 a5 40.
Rxa5 Nf6 41. Ra4 Ng4 42. Raxb4 Rc7 43. g3 h5 44. Rb2 Rc3 45. R4b3 Rc4 46. Rb5
Rxe4 47. Rxh5 Kg7 48. Rg5+ Kf6 49. Kg2 Ra4 50. Rgb5 Ne3+ 51. Kf3 Nf5 52. Rb6+
Kg7 53. R6b4 Ra3+ 54. Kf4 Ne7 55. R2b3 Ra2 56. Rd4 Rf2+ 57. Rf3 Ng6+ 58. Ke3
Ra2 59. Rf5 Ra3+ 60. Rd3 Ra7 61. h5 Re7+ 62. Kf2 Ne5 63. Rd4 f6 64. g4 Nf7 65.
Rfd5 Ne5 66. Re4 Kh6 67. Kg3 Kg5 68. Rf4 Re6 69. Rf5+ Kh6 70. g5+ Kh7 71. gxf6
Nf7 72. Rd7 Kg8 73. Rf4 Kf8 74. Ra7 Re3+ 75. Rf3 Re8 76. Kf4 Rb8 77. Re3 Kg8
1-0

[Event "Europa Clubs Cup (Frauen)"] 
[Site "Rethymnon (Kreta)"] 
[Date "2003.10.02"]
[Round "5.51"]
[White "Stepovaia-Dianchenko, Tatiana"]
[Black "Klinova, Masha"]
[Result "1/2-1/2"]
[WhiteElo "2372"]
[BlackElo "2388"]
[PlyCount "33"]
[EventDate "2003.09.30"]

1. e4 d6 2. d4 Nf6 3. Nc3 g6 4. Nf3 Bg7 5. Be3 a6 6. a4 O-O 7. Qd2 b6 8. Bh6 c5
9. Bxg7 Kxg7 10. dxc5 bxc5 11. O-O-O Qa5 12. e5 dxe5 13. Nxe5 Be6 14. Bc4 Bxc4
15. Nxc4 Qb4 16. b3 Nc6 17. Nd5 1/2-1/2

[Event "Europa Clubs Cup (Frauen)"] 
[Site "Rethymnon (Kreta)"] 
[Date "2003.10.02"]
[Round "5.52"]
[White "Zatulovskaya, Tatiana"]
[Black "Zimina, Olga"]
[Result "0-1"]
[WhiteElo "2178"]
[BlackElo "2367"]
[PlyCount "75"]
[EventDate "2003.09.30"]

1. e4 c6 2. d4 d5 3. exd5 cxd5 4. c3 Nf6 5. Bd3 Nc6 6. Bf4 Bg4 7. Qb3 Qc8 8.
Nd2 e6 9. h3 Bh5 10. Ngf3 Be7 11. O-O O-O 12. Rae1 Bxf3 13. Nxf3 a6 14. Qc2 b5
15. a3 Qb7 16. Ne5 Rfc8 17. Qe2 Nxe5 18. Bxe5 Nd7 19. Bh2 Qb6 20. f4 Bd6 21.
Kh1 Re8 22. Rf3 Rab8 23. Re3 Qc7 24. g3 Qc6 25. g4 Nb6 26. f5 Nc4 27. Bxc4
dxc4+ 28. Qg2 Qxg2+ 29. Kxg2 Bxh2 30. Kxh2 Rb6 31. d5 Rd6 32. dxe6 fxe6 33.
fxe6 Rd2+ 34. R1e2 Rd3 35. Re5 h6 36. Kg2 Re7 37. h4 Kf8 38. Rc5 0-1

[Event "Europa Clubs Cup (Frauen)"] 
[Site "Rethymnon (Kreta)"] 
[Date "2003.10.02"]
[Round "5.54"]
[White "Srumin, Galina"]
[Black "Ovod, Evgenija"]
[Result "0-1"]
[WhiteElo "2108"]
[BlackElo "2307"]
[PlyCount "80"]
[EventDate "2003.09.30"]

1. e4 c5 2. Nf3 d6 3. d4 cxd4 4. Nxd4 Nf6 5. Nc3 g6 6. Be3 Bg7 7. f3 Nc6 8. Qd2
Bd7 9. g4 Rc8 10. O-O-O Ne5 11. Kb1 a6 12. g5 Nh5 13. Nd5 O-O 14. Be2 Nc4 15.
Bxc4 Rxc4 16. Nb3 Be6 17. Nb6 Rc6 18. Qf2 Bxb3 19. cxb3 f5 20. gxf6 Nxf6 21.
Qg1 Nh5 22. Nd5 Rxf3 23. Qg4 Rf7 24. Qe6 Nf6 25. Rhf1 Qd7 26. Qxd7 Nxd7 27. Bg5
Nf6 28. Nxe7+ Rxe7 29. Bxf6 Rxe4 30. Bxg7 Kxg7 31. Rf2 h5 32. Rdf1 Kh6 33. Rf7
Re2 34. h4 Rcc2 35. Rf8 Rxb2+ 36. Kc1 Rxa2 37. Kb1 Reb2+ 38. Kc1 Rh2 39. Kb1
Rab2+ 40. Kc1 Rxb3 0-1

[Event "Europa Clubs Cup (Frauen)"] 
[Site "Rethymnon (Kreta)"] 
[Date "2003.10.02"]
[Round "5.61"]
[White "Ptacnikova, Lenka"]
[Black "Kouvatsou, Maria"]
[Result "1/2-1/2"]
[WhiteElo "2215"]
[BlackElo "2235"]
[PlyCount "81"]
[EventDate "2003.09.30"]

1. c4 g6 2. g3 Bg7 3. Bg2 Nf6 4. Nc3 O-O 5. d3 d6 6. Bg5 h6 7. Bd2 c5 8. a3 Nc6
9. Rb1 a5 10. Nf3 Be6 11. O-O d5 12. cxd5 Nxd5 13. Qc1 Nd4 14. Nxd4 cxd4 15.
Nxd5 Bxd5 16. Qc5 Bxg2 17. Kxg2 Qd7 18. Rfc1 Rfc8 19. Qb6 a4 20. Bb4 h5 21. h4
Bf6 22. Rc5 Rxc5 23. Qxc5 Rc8 24. Qa5 Rc2 25. Bd2 Kg7 26. b3 Qe6 27. bxa4 Qxe2
28. Be1 Qxd3 29. Qb5 Qe4+ 30. Kg1 Re2 31. Qb4 Qf3 32. Rb2 d3 33. Rxe2 dxe2 34.
a5 Qd5 35. a4 Qe6 36. Qxb7 Bd4 37. Kg2 Qe5 38. Qf3 Qe6 39. Qb7 Qe5 40. Qf3 Qe6
41. Qb7 1/2-1/2

[Event "Europa Clubs Cup (Frauen)"] 
[Site "Rethymnon (Kreta)"] 
[Date "2003.10.02"]
[Round "5.62"]
[White "Makka, Ioulia"]
[Black "Gretarsdottir, Lilja"]
[Result "1/2-1/2"]
[WhiteElo "2275"]
[BlackElo "2058"]
[PlyCount "107"]
[EventDate "2003.09.30"]

1. e4 c5 2. Nf3 d6 3. d4 cxd4 4. Nxd4 Nf6 5. Nc3 a6 6. g3 e5 7. Nde2 Be6 8. Bg2
Nbd7 9. O-O b5 10. h3 Be7 11. Be3 Nb6 12. b3 Rc8 13. a4 b4 14. Na2 a5 15. c3
bxc3 16. Naxc3 Nbd7 17. Nd5 Nxd5 18. exd5 Bf5 19. Rc1 O-O 20. Qd2 Nc5 21. Bxc5
dxc5 22. Rc4 Rb8 23. Qc3 Bd6 24. Re1 Re8 25. Nc1 Qb6 26. Kh2 Bg6 27. Be4 f5 28.
Bc2 e4 29. Ne2 h6 30. Nf4 Bf7 31. Qd2 Re5 32. f3 g5 33. Ne6 Bxe6 34. dxe6 Qc7
35. fxe4 Rxe6 36. Qd5 Bxg3+ 37. Kg2 Rbe8 38. Re2 Kh8 39. Rxc5 Qf4 40. Qxf5 Qxf5
41. Rxf5 Bc7 42. Ref2 Be5 43. Bd3 Bc3 44. Rf7 R8e7 45. Rf8+ Kg7 46. Bc4 Rxe4
47. Rg8+ Kh7 48. Rc8 Re3 49. Rff8 Bg7 50. Rfd8 h5 51. Rd6 Re8 52. Bd3+ Kg8 53.
Rc7 R3e7 54. Bg6 {...illegible moves after 23 moves draw} 1/2-1/2

[Event "Europa Clubs Cup (Frauen)"] 
[Site "Rethymnon (Kreta)"] 
[Date "2003.10.02"]
[Round "5.63"]
[White "Thorgrimsdottir, Anna Bjorg"]
[Black "Stefanidi, Maria-Anna"]
[Result "1-0"]
[WhiteElo "2000"]
[BlackElo "2134"]
[PlyCount "57"]
[EventDate "2003.09.30"]

1. e4 c5 2. Nf3 d6 3. d4 cxd4 4. Nxd4 Nf6 5. Nc3 g6 6. g3 Bg7 7. Bg2 O-O 8. O-O
a6 9. Nde2 Nc6 10. Rb1 Bd7 11. h3 Rc8 12. b3 b5 13. Bb2 Qa5 14. Nd5 Nxd5 15.
exd5 Nb8 16. Bxg7 Kxg7 17. Rb2 Qa3 18. Qd4+ Kg8 19. Rfb1 Rc7 20. Qh4 Rfc8 21.
c3 Qc5 22. Rd1 Be8 23. Qh6 e5 24. dxe6 fxe6 25. Rd4 Rf7 26. Nf4 Nc6 27. Nxe6
Qxc3 28. Rf4 Qxb2 29. Qf8+ 1-0

[Event "Europa Clubs Cup (Frauen)"] 
[Site "Rethymnon (Kreta)"] 
[Date "2003.10.02"]
[Round "5.64"]
[White "Markantonaki, Haritomeni"]
[Black "Kristinsdottir, Aslaug"]
[Result "1-0"]
[WhiteElo "2059"]
[BlackElo "2000"]
[PlyCount "129"]
[EventDate "2003.09.30"]

1. e4 c5 2. Nf3 Nc6 3. d4 cxd4 4. Nxd4 Nf6 5. Nc3 e5 6. Nb3 Be7 7. Bc4 O-O 8.
O-O d6 9. Kh1 Be6 10. Bd3 d5 11. exd5 Nxd5 12. Nxd5 Qxd5 13. Be3 f5 14. c4 Qd7
15. Nc5 Bxc5 16. Bxc5 Rfd8 17. Be2 Qf7 18. Qc1 Nd4 19. Bxd4 Rxd4 20. b3 Rad8
21. Qc3 Qc7 22. a4 Rd2 23. Rfe1 Qd6 24. c5 Qd4 25. Qxd4 R8xd4 26. Rab1 Rc2 27.
b4 e4 28. Kg1 Ra2 29. Red1 Rdd2 30. Rxd2 Rxd2 31. Bd1 a6 32. b5 axb5 33. axb5
Bd5 34. Kf1 Kf7 35. Bb3 Bxb3 36. Rxb3 Rc2 37. c6 b6 38. Ra3 Rc5 39. Ra7+ Ke6
40. Rxg7 Rxb5 41. Rxh7 Rc5 42. Rh6+ Ke5 43. c7 b5 44. Rb6 Kd4 45. Rxb5 Rxc7 46.
Rxf5 e3 47. fxe3+ Kxe3 48. Rf3+ Kd4 49. Kf2 Rh7 50. h3 Rh8 51. Rf7 Ke5 52. Kg3
Ke6 53. Rf3 Ke5 54. h4 Ke4 55. Rf7 Ke5 56. Kh3 Ke6 57. Rf3 Ke5 58. g4 Rg8 59.
h5 Ke4 60. Rf7 Ke5 61. Kh4 Ke6 62. Rf3 Ra8 63. h6 Ra7 64. Kh5 Ra1 65. g5 1-0

[Event "Europa Clubs Cup (Frauen)"] 
[Site "Rethymnon (Kreta)"] 
[Date "2003.10.03"]
[Round "6.11"]
[White "Bojkovic, Natasa"]
[Black "Dzagnidze, Nana"]
[Result "1/2-1/2"]
[WhiteElo "2408"]
[BlackElo "2446"]
[PlyCount "112"]
[EventDate "2003.09.30"]

1. e4 c5 2. Nf3 d6 3. d4 cxd4 4. Nxd4 Nf6 5. Nc3 a6 6. Be2 e5 7. Nb3 Be7 8. O-O
O-O 9. Kh1 Be6 10. f4 Qc7 11. Nd5 Bxd5 12. exd5 Nbd7 13. c4 Ne4 14. Qc2 f5 15.
Be3 a5 16. Rac1 b6 17. fxe5 dxe5 18. Bd3 a4 19. Na1 Bc5 20. Bxe4 fxe4 21. Qxe4
Rxf1+ 22. Rxf1 Bxe3 23. d6 Qc8 24. Qxe3 Qxc4 25. Rc1 Qd5 26. h3 Rf8 27. b3 a3
28. Nc2 Qxd6 29. b4 Nf6 30. Nxa3 Qxb4 31. Nc4 b5 32. Nxe5 Re8 33. Nc6 Qd6 34.
Qb3+ Kh8 35. Qd1 Qf4 36. Qf1 Qe3 37. Rd1 Ne4 38. Kh2 Qg3+ 39. Kg1 Ng5 40. Kh1
Ne4 41. Kg1 Qe3+ 42. Kh2 Nf2 43. Rd8 Rxd8 44. Nxd8 h6 45. Qxb5 Qf4+ 46. Kg1 Ne4
47. Qe8+ Kh7 48. Ne6 Qf2+ 49. Kh2 Qg3+ 50. Kg1 Nd6 51. Qe7 Qe1+ 52. Kh2 Qe5+
53. Kh1 Qa1+ 54. Kh2 Qe5+ 55. Kh1 Qe1+ 56. Kh2 Qe5+ 1/2-1/2

[Event "Europa Clubs Cup (Frauen)"] 
[Site "Rethymnon (Kreta)"] 
[Date "2003.10.03"]
[Round "6.12"]
[White "Lomineishvili, Maia"]
[Black "Prudnikova, Svetlana"]
[Result "0-1"]
[WhiteElo "2409"]
[BlackElo "2412"]
[PlyCount "104"]
[EventDate "2003.09.30"]

1. d4 e6 2. c4 f5 3. g3 Nf6 4. Bg2 c6 5. Qc2 d5 6. Nh3 Bd6 7. O-O O-O 8. Nd2 b6
9. Nf3 Ne4 10. Nf4 Qe7 11. Nd3 Nd7 12. Bf4 Ba6 13. cxd5 cxd5 14. Qa4 Bxd3 15.
Bxd6 Nxd6 16. exd3 Rfc8 17. Rfe1 Rc7 18. Qd1 Rac8 19. Re2 Nf8 20. Qd2 Nf7 21.
Rae1 Qd6 22. h4 a5 23. a3 Rc6 24. Kf1 Qc7 25. Ng1 b5 26. Nh3 Qb6 27. Nf4 Rd8
28. Kg1 b4 29. axb4 axb4 30. Qe3 g6 31. Ra1 b3 32. Ra3 Rc2 33. Bf3 Rdc8 34. Re1
Rxb2 35. Bxd5 exd5 36. Nxd5 Qd6 37. Ne7+ Kg7 38. Ra5 Rc7 39. Rb5 Rd7 40. d5 Qf6
41. Rb8 Nd6 42. h5 g5 43. Nc6 f4 44. Qf3 Nf5 45. Ree8 Rb1+ 46. Kg2 b2 47. Qe4
Nd6 48. h6+ Kxh6 49. Qb4 Nxe8 50. Rxe8 f3+ 51. Kh2 Kg7 52. g4 Qf4+ 0-1

[Event "Europa Clubs Cup (Frauen)"] 
[Site "Rethymnon (Kreta)"] 
[Date "2003.10.03"]
[Round "6.13"]
[White "Gaponenko, Inna"]
[Black "Javakhishvili, Lela"]
[Result "1/2-1/2"]
[WhiteElo "2399"]
[BlackElo "2393"]
[PlyCount "41"]
[EventDate "2003.09.30"]

1. e4 c5 2. Nf3 Nc6 3. d4 cxd4 4. Nxd4 Qc7 5. Nc3 e6 6. Be3 a6 7. Qd2 Nf6 8.
O-O-O Ng4 9. Bf4 Nge5 10. Bg3 Nxd4 11. Qxd4 f6 12. f4 Bc5 13. Qd2 Nf7 14. Be2
O-O 15. Bh5 b5 16. Rhe1 Bb4 17. Re3 Ba5 18. Qd3 b4 19. Na4 Qc6 20. b3 Qb5 21.
Re2 1/2-1/2

[Event "Europa Clubs Cup (Frauen)"] 
[Site "Rethymnon (Kreta)"] 
[Date "2003.10.03"]
[Round "6.21"]
[White "Matveeva, Svetlana"]
[Black "Kovaleskaya, Ekaterina"]
[Result "1/2-1/2"]
[WhiteElo "2478"]
[BlackElo "2443"]
[PlyCount "53"]
[EventDate "2003.09.30"]

1. d4 Nf6 2. c4 d6 3. Nf3 g6 4. g3 Bg7 5. Bg2 O-O 6. O-O Nbd7 7. Nc3 e5 8. e4
a6 9. Re1 exd4 10. Nxd4 Ne5 11. b3 Bd7 12. Bb2 Re8 13. Rb1 Nc6 14. Nxc6 bxc6
15. c5 Bg4 16. Qc2 Nd7 17. h3 Be6 18. Na4 Bxb2 19. Qxb2 Nxc5 20. Nxc5 dxc5 21.
Rbc1 Qe7 22. Qa3 c4 23. Qxe7 Rxe7 24. bxc4 Rd7 25. Rc2 Rb8 26. e5 Rd4 27. c5
1/2-1/2

[Event "Europa Clubs Cup (Frauen)"] 
[Site "Rethymnon (Kreta)"] 
[Date "2003.10.03"]
[Round "6.24"]
[White "Kochetkova, Julia"]
[Black "Benderac, Ana"]
[Result "0-1"]
[WhiteElo "2293"]
[BlackElo "2310"]
[PlyCount "104"]
[EventDate "2003.09.30"]

1. e4 e6 2. d4 d5 3. Nd2 c5 4. exd5 Qxd5 5. Ngf3 cxd4 6. Bc4 Qd6 7. O-O Nf6 8.
Nb3 Nc6 9. Nbxd4 Nxd4 10. Nxd4 Bd7 11. a4 a6 12. b3 Qc7 13. Qe2 Bd6 14. Bb2 O-O
15. Nf3 Bc6 16. Ne5 Be4 17. f4 b5 18. axb5 axb5 19. Bd3 Bxd3 20. Qxd3 Rxa1 21.
Rxa1 Rd8 22. Qe2 Nd5 23. Rf1 Qc5+ 24. Kh1 Nxf4 25. Qd2 Ng6 26. Ng4 Bc7 27. Qe2
Qd6 28. g3 Qd5+ 29. Qf3 Qxf3+ 30. Rxf3 Rd1+ 31. Kg2 h5 32. Ne3 Rd2+ 33. Rf2 Rd7
34. Nf1 Ne7 35. Rd2 Rxd2+ 36. Nxd2 Nc6 37. Kf3 f6 38. Ne4 Kf7 39. Ke3 e5 40.
Kd3 Ke6 41. c4 bxc4+ 42. bxc4 f5 43. Ng5+ Kf6 44. Nf3 g5 45. c5 g4 46. Ne1 Ke6
47. Kc4 f4 48. Kb5 Ne7 49. Nd3 f3 50. c6 e4 51. Nc5+ Kd5 52. Na6 Bd6 0-1

[Event "Europa Clubs Cup (Frauen)"] 
[Site "Rethymnon (Kreta)"] 
[Date "2003.10.03"]
[Round "6.31"]
[White "Peng, Zhaoqin"]
[Black "Galliamova, Alisa"]
[Result "1/2-1/2"]
[WhiteElo "2438"]
[BlackElo "2502"]
[PlyCount "83"]
[EventDate "2003.09.30"]

1. d4 d5 2. c4 c6 3. e3 g6 4. Nc3 Bg7 5. Nf3 e6 6. Be2 Ne7 7. O-O O-O 8. Qc2 b6
9. b3 Bb7 10. Rd1 Nd7 11. Ba3 Re8 12. Rac1 Rc8 13. e4 a6 14. b4 c5 15. exd5
exd5 16. bxc5 dxc4 17. cxb6 Qxb6 18. Rb1 Qc7 19. d5 Nf5 20. d6 Qb8 21. Nd5 Qa7
22. Ne7+ Nxe7 23. dxe7 Bxf3 24. Bxf3 Ne5 25. Bd5 Rxe7 26. Bxe7 Qxe7 27. Bb7 Rc7
28. Bxa6 h5 29. a4 c3 30. Bb5 Qg5 31. Be2 Nc6 32. Rb5 Qe7 33. a5 Nd4 34. Rxd4
Bxd4 35. Rd5 Qxe2 36. Qxe2 c2 37. Rxd4 c1=Q+ 38. Rd1 Qa3 39. Qe1 Re7 40. Qd2
Ra7 41. Qd8+ Kh7 42. h3 1/2-1/2

[Event "Europa Clubs Cup (Frauen)"] 
[Site "Rethymnon (Kreta)"] 
[Date "2003.10.03"]
[Round "6.33"]
[White "Nepeina-Leconte, Maria"]
[Black "Mashinskaya, Iulia"]
[Result "1/2-1/2"]
[WhiteElo "2302"]
[BlackElo "2183"]
[PlyCount "33"]
[EventDate "2003.09.30"]

1. e4 c5 2. Nc3 e6 3. g3 d5 4. Bg2 dxe4 5. Nxe4 Be7 6. d3 Nf6 7. Ne2 Nxe4 8.
Bxe4 Nd7 9. O-O O-O 10. Bg2 Nf6 11. Re1 Qb6 12. Rb1 Bd7 13. Nc3 Rad8 14. Be3
Bc6 15. a3 Bxg2 16. Kxg2 Qc6+ 17. Qf3 1/2-1/2

[Event "Europa Clubs Cup (Frauen)"] 
[Site "Rethymnon (Kreta)"] 
[Date "2003.10.03"]
[Round "6.34"]
[White "Shaidullina, Sandugach"]
[Black "Trabert, Bettina"]
[Result "1/2-1/2"]
[WhiteElo "2334"]
[BlackElo "2227"]
[PlyCount "91"]
[EventDate "2003.09.30"]

1. d4 d5 2. Nf3 c6 3. c4 e6 4. Nbd2 Nf6 5. e3 Nbd7 6. Bd3 Bd6 7. O-O O-O 8. e4
dxe4 9. Nxe4 Nxe4 10. Bxe4 c5 11. dxc5 Bxc5 12. Qc2 h6 13. Rd1 Qe7 14. Bd2 Nf6
15. Bd3 b6 16. Bc3 Bb7 17. Ne5 Rfd8 18. Qe2 Bb4 19. Bxb4 Qxb4 20. a3 Qe7 21.
Rac1 Nd7 22. Nxd7 Rxd7 23. Bc2 Rad8 24. Rxd7 Rxd7 25. Rd1 Qg5 26. f3 Rxd1+ 27.
Qxd1 g6 28. Kh1 Qe5 29. b3 Kg7 30. h3 h5 31. Bb1 Qb2 32. a4 h4 33. Bc2 Qe5 34.
Bd3 a5 35. Bf1 Bc6 36. Qd2 g5 37. Qf2 Qc5 38. Qb2+ e5 39. Qd2 e4 40. fxe4 Bxe4
41. Bd3 Bc6 42. Kh2 f6 43. Qe2 Qe5+ 44. Kg1 Qg3 45. Qf1 Qe3+ 46. Kh2 {
finished at move 70} 1/2-1/2

[Event "Europa Clubs Cup (Frauen)"] 
[Site "Rethymnon (Kreta)"] 
[Date "2003.10.03"]
[Round "6.41"]
[White "Stepovaia-Dianchenko, Tatiana"]
[Black "Demina, Julia"]
[Result "1/2-1/2"]
[WhiteElo "2372"]
[BlackElo "2335"]
[PlyCount "29"]
[EventDate "2003.09.30"]

1. e4 c5 2. Nc3 d6 3. g3 Nc6 4. Bg2 g6 5. d3 Bg7 6. f4 e6 7. Nf3 Nge7 8. O-O
O-O 9. Be3 b6 10. d4 d5 11. exd5 Nf5 12. Bf2 Ncxd4 13. Ne5 exd5 14. Nxd5 Be6
15. Ne3 1/2-1/2

[Event "Europa Clubs Cup (Frauen)"] 
[Site "Rethymnon (Kreta)"] 
[Date "2003.10.03"]
[Round "6.42"]
[White "Kryukova, Irina"]
[Black "Zimina, Olga"]
[Result "1/2-1/2"]
[WhiteElo "2317"]
[BlackElo "2367"]
[PlyCount "28"]
[EventDate "2003.09.30"]

1. e4 c6 2. d4 d5 3. Nd2 dxe4 4. Nxe4 Bf5 5. Nc5 Nd7 6. Nxd7 Qxd7 7. Nf3 e6 8.
Be2 Nf6 9. O-O Be7 10. Ne5 Qd8 11. Bf3 O-O 12. Re1 Nd7 13. Nxd7 Qxd7 14. Bf4
Rfd8 1/2-1/2

[Event "Europa Clubs Cup (Frauen)"] 
[Site "Rethymnon (Kreta)"] 
[Date "2003.10.03"]
[Round "6.43"]
[White "Stjazhkina, Olga"]
[Black "Ubiennykh, Ekaterina"]
[Result "1-0"]
[WhiteElo "2359"]
[BlackElo "2314"]
[PlyCount "85"]
[EventDate "2003.09.30"]

1. e4 e5 2. Nf3 Nc6 3. Nc3 Nf6 4. g3 d5 5. exd5 Nxd5 6. Bg2 Nxc3 7. bxc3 Bd6 8.
O-O O-O 9. d3 Bg4 10. h3 Bh5 11. Rb1 Rb8 12. g4 Bg6 13. Ng5 Qd7 14. Be3 f6 15.
Ne4 b6 16. c4 Be7 17. Ng3 Rbd8 18. h4 Bf7 19. Be4 Nb4 20. Ra1 Be6 21. Nf5 Rf7
22. a3 Na6 23. Qf3 Nc5 24. Bc6 Qc8 25. a4 Bf8 26. Kh2 g6 27. Bxc5 bxc5 28. Bb7
Qb8 29. Rab1 gxf5 30. gxf5 c6 31. Bxc6 Qd6 32. fxe6 Rc7 33. Be4 Qe7 34. Qf5 Bh6
35. Rb5 Bf4+ 36. Kh3 Rf8 37. Rfb1 Bd2 38. Rb7 Ba5 39. Rxc7 Bxc7 40. Rb7 Kh8 41.
Qxh7+ Qxh7 42. Bxh7 Bd6 43. Bg6 1-0

[Event "Europa Clubs Cup (Frauen)"] 
[Site "Rethymnon (Kreta)"] 
[Date "2003.10.03"]
[Round "6.51"]
[White "Klinova, Masha"]
[Black "Makka, Ioulia"]
[Result "1-0"]
[WhiteElo "2388"]
[BlackElo "2275"]
[PlyCount "97"]
[EventDate "2003.09.30"]

1. e4 c6 2. d4 d5 3. Nc3 dxe4 4. Nxe4 Nd7 5. Nf3 Ngf6 6. Ng3 e6 7. Be2 c5 8.
O-O Be7 9. c4 cxd4 10. Nxd4 a6 11. b3 O-O 12. Bb2 Qc7 13. Re1 Bb4 14. Rf1 Rd8
15. Qc2 Ne5 16. Rad1 Bd7 17. a3 Bd6 18. Rfe1 Ng6 19. Qc3 Rac8 20. Bf1 Be5 21.
Qc1 Bf4 22. Qa1 Ng4 23. Nf3 f6 24. Bd3 Qb6 25. Bd4 Qxb3 26. Ne4 N4e5 27. Nxe5
Bxe5 28. Bf1 Ba4 29. Rd3 Bxd4 30. Rxd4 Qb6 31. c5 Qc6 32. Bc4 Nf8 33. Qc3 Bb5
34. Bb3 Rxd4 35. Qxd4 Qd7 36. Nd6 Rc7 37. h3 Bc6 38. a4 Kh8 39. a5 h6 40. f4
Bb5 41. f5 Qc6 42. fxe6 Re7 43. Nf5 Re8 44. e7 Nd7 45. Bf7 Ne5 46. Bxe8 Qxe8
47. Qd8 Nf7 48. Qxe8+ Bxe8 49. Nd6 1-0

[Event "Europa Clubs Cup (Frauen)"] 
[Site "Rethymnon (Kreta)"] 
[Date "2003.10.03"]
[Round "6.53"]
[White "Dotan, Valeria"]
[Black "Stefanidi, Maria-Anna"]
[Result "1-0"]
[WhiteElo "2029"]
[BlackElo "2134"]
[PlyCount "101"]
[EventDate "2003.09.30"]

1. Nf3 Nf6 2. c4 g6 3. Nc3 Bg7 4. e4 d6 5. d4 O-O 6. h3 Nbd7 7. Be2 e5 8. O-O
Qe7 9. dxe5 dxe5 10. Qc2 h6 11. Be3 c6 12. Rfd1 Ne8 13. Nd2 f5 14. f3 f4 15.
Bf2 b6 16. Rab1 Ndf6 17. c5 b5 18. a4 a6 19. Na2 Ra7 20. Nb4 Rc7 21. axb5 axb5
22. Nb3 Nh5 23. Na5 Qg5 24. Kh2 Qf6 25. Rd2 Bb7 26. Rbd1 Ba8 27. Rd7 Kh8 28.
Rxc7 Nxc7 29. Rd6 Qf7 30. Qb3 Qe8 31. Naxc6 Bf6 32. Qc3 Ng7 33. Nd5 Nxd5 34.
exd5 Nf5 35. Re6 Qd7 36. Rxf6 Rxf6 37. Qxe5 Kg7 38. Bxb5 Qb7 39. Bc4 Qd7 40.
Nd4 Ne3 41. Ne6+ Kf7 42. c6 Qa7 43. Nd8+ Kg7 44. Bd3 Ng4+ 45. hxg4 Qxf2 46.
Qe7+ Kg8 47. Qxf6 Qg3+ 48. Kg1 Qe1+ 49. Bf1 Qe3+ 50. Kh1 Qf2 51. Qxg6+ 1-0

[Event "Europa Clubs Cup (Frauen)"] 
[Site "Rethymnon (Kreta)"] 
[Date "2003.10.03"]
[Round "6.54"]
[White "Markantonaki, Haritomeni"]
[Black "Srumin, Galina"]
[Result "1-0"]
[WhiteElo "2059"]
[BlackElo "2108"]
[PlyCount "67"]
[EventDate "2003.09.30"]

1. e4 e5 2. Nf3 Nc6 3. Bb5 f5 4. d4 exd4 5. exf5 Nf6 6. O-O Be7 7. Nxd4 Nxd4 8.
Qxd4 O-O 9. Bg5 d5 10. Re1 c6 11. Bd3 c5 12. Qe3 Bd6 13. Qf3 Kh8 14. Nc3 c4 15.
Bf1 Bd7 16. Rad1 Bc6 17. Qh3 Qc7 18. Ne2 Ne4 19. Be3 Qf7 20. f3 Nf6 21. Nd4 Bd7
22. Ne6 Rfe8 23. Bd4 Bxe6 24. fxe6 Qg6 25. Bxf6 Qxf6 26. Rxd5 Bc5+ 27. Kh1 Rac8
28. c3 Qf4 29. Qh5 Bf2 30. Red1 g6 31. Qh3 Qf6 32. Rd7 h5 33. Rf7 Qxe6 34. Rf8+
1-0

[Event "Europa Clubs Cup (Frauen)"] 
[Site "Rethymnon (Kreta)"] 
[Date "2003.10.03"]
[Round "6.61"]
[White "Johansson, Victoria"]
[Black "Ptacnikova, Lenka"]
[Result "1/2-1/2"]
[WhiteElo "2167"]
[BlackElo "2215"]
[PlyCount "72"]
[EventDate "2003.09.30"]

1. d4 Nf6 2. c4 e6 3. Nc3 Bb4 4. e3 b6 5. Bd3 Bb7 6. Nf3 Ne4 7. O-O Bxc3 8.
bxc3 O-O 9. Ne1 f5 10. f3 Nf6 11. Qe2 d6 12. e4 fxe4 13. fxe4 e5 14. Nf3 Nc6
15. Bg5 Qe7 16. d5 Na5 17. Nh4 Bc8 18. Nf5 Bxf5 19. Rxf5 Nb7 20. Raf1 Nc5 21.
Bc2 Rf7 22. h4 Raf8 23. h5 h6 24. Bh4 Qd7 25. Bxf6 Rxf6 26. Rxf6 Rxf6 27. Rxf6
gxf6 28. Qf3 Kf7 29. Qg3 Kf8 30. Qf3 Qg7 31. Qh3 Ke7 32. Qc8 Qg3 33. Qxc7+ Nd7
34. Ba4 Qe1+ 35. Kh2 Qh4+ 36. Kg1 Qe1+ 1/2-1/2

[Event "Europa Clubs Cup (Frauen)"] 
[Site "Rethymnon (Kreta)"] 
[Date "2003.10.03"]
[Round "6.62"]
[White "Gretarsdottir, Lilja"]
[Black "Jiretorn, Eva"]
[Result "1/2-1/2"]
[WhiteElo "2058"]
[BlackElo "2146"]
[PlyCount "87"]
[EventDate "2003.09.30"]

1. e4 c5 2. Nf3 Nc6 3. d4 cxd4 4. Nxd4 g6 5. Nc3 Bg7 6. Be3 Nf6 7. f3 O-O 8.
Bc4 d6 9. Qd2 Bd7 10. O-O-O Rc8 11. Bb3 Nxd4 12. Bxd4 b5 13. g4 b4 14. Nd5 Nxd5
15. Bxg7 Kxg7 16. exd5 a5 17. h4 a4 18. Qd4+ f6 19. Bc4 Qc7 20. Bd3 Bb5 21. Rh2
Bxd3 22. Rxd3 Qc4 23. Re2 Rfe8 24. b3 axb3 25. Qxc4 Rxc4 26. axb3 Rc7 27. Rd4
Rb8 28. Ree4 Rbc8 29. Rc4 Rxc4 30. Rxc4 Rxc4 31. bxc4 g5 32. hxg5 fxg5 33. Kb2
Kf6 34. Kb3 Ke5 35. Kxb4 Kf4 36. c5 dxc5+ 37. Kxc5 Kxf3 38. Kc6 Kxg4 39. Kd7
Kf3 40. Kxe7 g4 41. d6 g3 42. d7 g2 43. d8=Q g1=Q 44. Qd3+ 1/2-1/2

[Event "Europa Clubs Cup (Frauen)"] 
[Site "Rethymnon (Kreta)"] 
[Date "2003.10.03"]
[Round "6.63"]
[White "Borisova, Borislava"]
[Black "Thorgrimsdottir, Anna Bjorg"]
[Result "1-0"]
[WhiteElo "2160"]
[BlackElo "2000"]
[PlyCount "101"]
[EventDate "2003.09.30"]

1. Nf3 d5 2. g3 c6 3. Bg2 Bf5 4. O-O Nd7 5. d3 e5 6. Nbd2 Ngf6 7. c4 Qc7 8.
cxd5 cxd5 9. Qa4 Bc5 10. b4 Bd6 11. Bb2 b5 12. Qb3 O-O 13. h3 a5 14. a3 Be6 15.
Ng5 a4 16. Nxe6 fxe6 17. Qd1 Nh5 18. e3 g6 19. Qg4 Rae8 20. Rac1 Qb6 21. Qe2
Ndf6 22. g4 Ng7 23. Kh1 Re7 24. Nf3 e4 25. Nd4 exd3 26. Qxd3 Be5 27. f4 Bd6 28.
Rc6 Qb8 29. Nxb5 Nfe8 30. Nxd6 Nxd6 31. Be5 Nge8 32. Bxd5 exd5 33. Qxd5+ Ref7
34. Bxd6 Nxd6 35. Rxd6 Re8 36. Rc1 Qb7 37. Qxb7 Rxb7 38. Rc3 Rbe7 39. Rdd3 Kf7
40. Kg2 Kf6 41. Kf3 h6 42. Rd6+ Re6 43. Rcc6 Rxd6 44. Rxd6+ Re6 45. Rxe6+ Kxe6
46. Ke4 Kd6 47. f5 g5 48. Kd4 Kc6 49. e4 Kd6 50. e5+ Ke7 51. Kd5 1-0

[Event "Europa Clubs Cup (Frauen)"] 
[Site "Rethymnon (Kreta)"] 
[Date "2003.10.03"]
[Round "6.64"]
[White "Kristinsdottir, Aslaug"]
[Black "Horn, Emilia"]
[Result "0-1"]
[WhiteElo "2000"]
[BlackElo "2000"]
[PlyCount "126"]
[EventDate "2003.09.30"]

1. c4 c5 2. g3 Nc6 3. Bg2 g6 4. Nc3 Bg7 5. a3 a5 6. Na4 d6 7. d3 e5 8. e3 Nge7
9. Ne2 Rb8 10. Nac3 O-O 11. O-O Be6 12. Rb1 d5 13. cxd5 Nxd5 14. Qc2 b6 15.
Nxd5 Bxd5 16. f4 Bxg2 17. Kxg2 exf4 18. Nxf4 Qd6 19. b3 Rbd8 20. Rd1 Rfe8 21.
Qf2 Ne5 22. d4 cxd4 23. exd4 g5 24. Nh5 Qg6 25. Nxg7 Kxg7 26. Bxg5 Qe4+ 27. Kh3
Nf3 28. Bxd8 Rxd8 29. g4 Ng5+ 30. Kg3 Qxb1 31. Rxb1 Ne4+ 32. Kf3 Nxf2 33. Kxf2
Rxd4 34. Kg3 Rd3+ 35. Kf4 b5 36. h4 Rd2 37. b4 a4 38. Re1 Rh2 39. Kg3 Ra2 40.
Re3 Rb2 41. Kf4 Rb3 42. Ke4 Rb1 43. Kd4 Rc1 44. Re5 Rc4+ 45. Kd5 Rxg4 46. h5 f6
47. Re7+ Kh6 48. Re6 Rf4 49. Re7 Rf3 50. Kc5 Rf5+ 51. Kc6 Rxh5 52. Rb7 f5 53.
Rxb5 f4 54. Rxh5+ Kxh5 55. b5 f3 56. b6 f2 57. b7 f1=Q 58. b8=Q Qc4+ 59. Kd7
Qd5+ 60. Ke7 Qc5+ 61. Kf6 Qc6+ 62. Kf7 Qf3+ 63. Ke6 Qb3+ 0-1